00579cam a2200181ua 4500001000400000008003900004040000900043082001200052245003600064250003800100260004600138300002200184653002300206653003600229942000700265999001300272952011200285491110407n ii |||gr||||Z||||||eng cMAIN a320.954 aContemporary crisis and Gandhi. a1st. / bEdited by Ramashray Roy. aDelhi.:bDiscovery publishing house.,986. aviii,301 p.:6 cm. aPolitical science. aContemporary crisis and Gandhi. cBK c432d432 00104070aMAINbMAINcGEN | 2d2020-09-19l0o320.9545 | CONp790r2020-09-19 00:00:00t1w2020-09-19yBK